UBT Library

US foreign policy after the Cold War : (Record no. 42612)

000 -LEADER
fixed length control field 01195cam a2200349 a 4500
001 - CONTROL NUMBER
control field 13868066
005 - DATE AND TIME OF LATEST TRANSACTION
control field 20180215043003.0
008 - FIXED-LENGTH DATA ELEMENTS--GENERAL INFORMATION
fixed length control field 050211s2005 enka b 001 0 eng
010 ## - LIBRARY OF CONGRESS CONTROL NUMBER
LC control number 2005004160
015 ## - NATIONAL BIBLIOGRAPHY NUMBER
National bibliography number GBA539798
Source bnb
016 7# - NATIONAL BIBLIOGRAPHIC AGENCY CONTROL NUMBER
Record control number 013194866
Source Uk
020 ## - INTERNATIONAL STANDARD BOOK NUMBER
International Standard Book Number 0415358647 (hardback)
020 ## - INTERNATIONAL STANDARD BOOK NUMBER
International Standard Book Number 9780415358644 (hardback)
020 ## - INTERNATIONAL STANDARD BOOK NUMBER
International Standard Book Number 0415358655 (pbk.)
020 ## - INTERNATIONAL STANDARD BOOK NUMBER
International Standard Book Number 9780415358651 (pbk.)
035 ## - SYSTEM CONTROL NUMBER
System control number (OCoLC)ocm57694857
035 ## - SYSTEM CONTROL NUMBER
System control number (OCoLC)57694857
Canceled/invalid control number (OCoLC)60371067
040 ## - CATALOGING SOURCE
Original cataloging agency DLC
Transcribing agency DLC
Modifying agency OCLCQ
-- UKM
-- BAKER
-- BWKUK
-- NLGGC
-- YDXCP
-- DLC
041 ## - LANGUAGE CODE
Language code of text/sound track or separate title eng
043 ## - GEOGRAPHIC AREA CODE
Geographic area code n-us---
080 ## - UNIVERSAL DECIMAL CLASSIFICATION NUMBER
Universal Decimal Classification number 15.85
082 00 - DEWEY DECIMAL CLASSIFICATION NUMBER
Classification number 327.73/009/049
Edition number 22
084 ## - OTHER CLASSIFICATION NUMBER
Classification number 15.85 CAM
Source of number bcl
100 1# - Rafti
Rafti 19
101 ## - Shkurtesa
Shkurtesa SHP
245 10 - TITLE STATEMENT
Title US foreign policy after the Cold War :
Statement of responsibility, etc Fraser Cameron.
246 3# - VARYING FORM OF TITLE
Title proper/short title United States foreign policy after the Cold War
504 ## - BIBLIOGRAPHY, ETC. NOTE
Bibliography, etc Includes bibliographical references (p. [213]-222) and index.
906 ## - LOCAL DATA ELEMENT F, LDF (RLIN)
a 7
b cbc
c orignew
d 1
e ecip
f 20
g y-gencatlg
942 ## - ADDED ENTRY ELEMENTS (KOHA)
Source of classification or shelving scheme
Item type Books
Holdings
Withdrawn status Lost status Source of classification or shelving scheme Damaged status Not for loan Collection code Permanent location Current location Shelving location Date acquired Total Checkouts Full call number Barcode Date last seen Price effective from Koha item type
          Koleksioni i përgjithshem UBT - Lipjan UBT - Lipjan Koleksioni i përgjithshem 02/15/2018   327.73 CAM 002-2997362 02/15/2018 02/15/2018 Books
UBT Library © 2015-2024. All rights reserved University Education for Business and Technology